Verdades y mitos del Lago de Chapala /

Guardat en:
Dades bibliogràfiques
Autor principal: Sandoval, Francisco de P. (autor)
Format: Llibre
Idioma:German
Publicat: Guadalajara, México : Gobierno del Estado de Jalisco, Secretaría de Gobierno, Unidad Editorial, 1979, c1979
Etiquetes: Afegir etiqueta
Sense etiquetes, Sigues el primer a etiquetar aquest registre!

MARC

LEADER 00000nam^a2200000^a^4500
001 000584872
005 20250526000000.0
009 20260310132718.802
020 |a 968-832-002-1 
037 |a Acervo ITESO - Biblioteca 
041 |a ALE 
091 |a FCO. 01013 
100 |a Sandoval, Francisco de P.  |e (autor) 
245 1 0 |a Verdades y mitos del Lago de Chapala / 
264 4 |a Guadalajara, México :  |b Gobierno del Estado de Jalisco, Secretaría de Gobierno, Unidad Editorial,  |c 1979, c1979 
300 |a 25 p. ;  |c 27.0 cm. 
336 |a texto  |b txt  |2 rdacontenido 
337 |a sin mediación  |b n  |2 rdamedio 
338 |a volumen  |b nc  |2 rdasoporte 
649 |a XX 
910 |a Fondo Erich Coufal Kieswetter 
920 |a Impresos - Libros 
930 |a Libros Antiguos y Raros 
905 |a 142 
901 |a 0500412737  |b IT2  |c LRA  |i D  |u 20250526 
902 |a https://opac.biblio.iteso.mx/vufind/Record/000584872